How High Can You Count In 2 Minutes - Statistics

General Stats
  • This quiz has been taken 30 times
  • The average score is 112 of 250
Answer Stats
Answer % Correct
1
100%
2
96%
3
96%
4
96%
10
92%
11
92%
12
92%
13
92%
14
92%
15
92%
22
92%
5
92%
6
92%
7
92%
8
92%
9
92%
17
88%
25
88%
31
88%
32
88%
33
88%
34
88%
35
88%
36
88%
38
88%
39
88%
44
88%
45
88%
16
85%
20
85%
21
85%
23
85%
24
85%
30
85%
40
85%
46
85%
66
85%
71
85%
100
81%
101
81%
18
81%
19
81%
26
81%
29
81%
37
81%
41
81%
42
81%
43
81%
47
81%
48
81%
49
81%
50
81%
55
81%
60
81%
62
81%
77
81%
99
81%
28
77%
51
77%
56
77%
57
77%
59
77%
61
77%
63
77%
64
77%
65
77%
67
77%
68
77%
70
77%
76
77%
80
77%
81
77%
86
77%
88
77%
89
77%
90
77%
91
77%
98
77%
27
73%
52
73%
53
73%
58
73%
69
73%
74
73%
79
73%
82
73%
83
73%
84
73%
85
73%
87
73%
93
73%
94
73%
95
73%
96
73%
97
73%
102
69%
103
69%
72
69%
73
69%
75
69%
78
69%
92
69%
104
65%
54
65%
105
62%
106
62%
108
62%
107
58%
109
58%
110
58%
123
58%
112
50%
117
50%
118
50%
121
50%
111
46%
113
46%
114
46%
115
46%
116
46%
119
46%
120
46%
124
46%
122
42%
125
38%
127
38%
129
38%
131
38%
132
38%
133
38%
126
35%
128
35%
134
35%
135
31%
130
27%
136
27%
137
27%
141
27%
138
23%
145
23%
151
23%
157
23%
161
23%
171
23%
139
19%
143
19%
147
19%
149
19%
152
19%
154
19%
156
19%
158
19%
159
19%
191
19%
222
19%
140
15%
142
15%
144
15%
146
15%
148
15%
150
15%
153
15%
155
15%
160
15%
162
15%
163
15%
168
15%
169
15%
173
15%
175
15%
179
15%
181
15%
187
15%
188
15%
189
15%
190
15%
192
15%
197
15%
198
15%
200
15%
201
15%
223
15%
224
15%
164
12%
165
12%
166
12%
167
12%
170
12%
172
12%
174
12%
176
12%
177
12%
178
12%
180
12%
182
12%
183
12%
184
12%
185
12%
186
12%
193
12%
194
12%
195
12%
196
12%
199
12%
202
12%
203
12%
204
12%
205
12%
206
12%
207
12%
208
12%
209
12%
225
12%
210
8%
211
8%
212
8%
213
8%
214
8%
215
8%
216
8%
217
8%
218
8%
219
8%
220
8%
221
8%
226
8%
227
8%
231
8%
249
8%
250
8%
229
4%
230
4%
241
4%
242
4%
243
4%
244
4%
245
4%
246
4%
247
4%
248
4%
228
0%
232
0%
233
0%
234
0%
235
0%
236
0%
237
0%
238
0%
239
0%
240
0%
No matching quizzes found
Score Distribution
Percent of People with Each Score
Percentile by Number Answered
Your Score History
You have not taken this quiz